000 00609nam a2200193Ia 4500
008 151121s9999||||xx |||||||||||||| ||und||
082 _a618/टेंबे
082 _bHNW-11948
100 _aटेंबे भा। म।
245 _aशिशुसंवर्धन
260 _b"आर्यभूषण प्रेस, पुणे।"
260 _c--
300 _a123
600 _aटेंबे भा। म।
630 _aशिशुसंवर्धन
700 _aटेंबे भा। म।
730 _aशिशुसंवर्धन
942 _cBOOK
999 _c1216596
_d1216593